000 00392nam a22001457a 4500
020 _a9780070441576
040 _cNust
082 _a651.7
_bMUR
100 _aHerta A. Murphy
_9784
245 _aEffective business communications
250 _a6th edition
260 _aNew York:
_bMcGraw Hill Company,
_c1991.
650 _aEffective business communications
_9127318
942 _2ddc
_cBK
999 _c612475
_d612475